000
00317nam a2200133Ia 4500
008
231129s2013||||xx |||||||||||||| ||spa||
040
_b
spa
082
_a
Co863 R934ti
100
_a
Ruiz Valencia José
245
0
_a
Tierra llena: cuentos
260
_c
2013
264
_a
Litografía Prenobel
942
_2
ddc
_c
BKS
999
_c
25406
_d
25406